000 00418nam a2200169Ia 4500
003 GCL
008 140319s9999 xx 000 0 eng d
040 _aGCL /
_cGCL
082 0 4 _a843
_bO G
100 1 _aD'ORMESSON, JEAN
245 1 0 _aGARCON DE QUOI ECRIRE /
_cD'ORMESSON, JEAN
260 _a[S.N] :
_bFOLIO ،
_c1991
300 _a407 P
650 0 4 _aLITERATURE
650 0 4 _aFRENCH LITERATURE
942 _2ddc
_cBK
999 _c22028
_d22028